000 00388 a2200157 4500
001 44837
020 _a8532518737
040 _cAnchieta - Aquarius
100 _aGregório Filho, Francisco
240 1 0 _aDona baratinha e outras histórias
_lpor
245 1 0 _aDona baratinha e outras histórias
300 _a34
362 0 _a2006
650 4 _aLiteratura infanto-juvenil
942 _cBK
999 _c44837
_d44837